000 00524 a2200181 4500
020 _a9839154095
040 _aDLC
082 _a297.1977
100 1 _aMuhammad Asad.
245 1 4 _aThe principles of state and government in Islam
_cMuhammad Asad.
246 3 0 _aState and government in Islam.
250 _aNew ed.
260 _aKuala Lumpur :
_bIslamic Books Trust,
_c1980.
300 _a111 p.
650 0 _aConstitutional law (Islamic law)
650 0 _aConstitutional law
_zPakistan.
942 _cBK
_k297.1977 ASA
_2ddc
999 _c7122
_d7122